000 00602nam a2200193 4500
001 110155
003 ES-MaACL
005 20250910183111.0
007 t|
008 061121s1961 sp r ||||1| cat d
100 1 _aMolas, Joaquim,
_d1930-2015
_981845
245 1 0 _aLiteratura catalana antiga
_b: el segle XIII /
_cper Joaquim Molas.
260 _aBarcelona :
_bBarcino,
_c1961.
300 _a144 p. ;
_c16 cm.
490 1 _aCol-lecció popular Barcino ;
_v193
830 0 _aCol·lecció popular Barcino
_v193
_9229864
852 _aES-MaACL
_jE-10114
_bR.50254
999 _c110155
_d110155